00340pab a2200133 454500008004000000100002100040245004600061260000900107300001300116362001100129650002500140650002100165773002000186180718b2006 xxu||||| |||| 00| 0 eng d aSrivastva, Kiran aKnowledge management and higher education c2006 ap.12-15. a20 Nov aKnowledge management aHigher education aUniversity News